Cats for dummies
| Main Author: | |
|---|---|
| Format: | Book |
| Published: |
New Jersey :
Wiley Publishers ,
2000
|
| Edition: | 2nd ed. |
| Series: | ... for dummies
|
| Subjects: |
MARC
| LEADER | 00000cam a2200000 7i4500 | ||
|---|---|---|---|
| 001 | 0000028147 | ||
| 005 | 20091113.0 | ||
| 008 | 091113 | ||
| 020 | |a 0764552759 | ||
| 090 | 0 | 0 | |a 636.80887 |b SPA |
| 100 | 1 | |a Spadafori, Gina | |
| 245 | 1 | 0 | |a Cats for dummies |c Gina Spadafori |f Paul D. Pion |
| 250 | |a 2nd ed. | ||
| 260 | |a New Jersey : |b Wiley Publishers , |c 2000 | ||
| 440 | |a ... for dummies | ||
| 650 | 0 | |a Cats | |
| 999 | |a 0001060323 |b Book |c Adult Collection |e Perbadanan Perpustakaan Awam Johor | ||